Регионална библиотека "Любен Каравелов" - Русе

Bortom berg, bortom slatter, bortom hav (Запис номер 41558)

MARC детайли
000 -Лидер
Контролно поле с фиксирана дължина 00845nam a2200277 c 4500
003 - Код на организацията, давaща контролен номер
Контролно поле BLK
005 - Дата и час на последна редакция
Контролно поле 20220217170503.0
008 - Елементи от данни с фиксирана дължина
fixed length control field 180408b bul|||||r ||||||| ||bul||
010 ## - Наследен системен номер
LC control number KNG00045125000
020 ## - Международен стандартен номер на книга ISBN
Международен стандартен номер на книга ISBN 91-89196-11-2
040 ## - Източник на каталожния запис
Идентификатор на билиотеката - собственик на записа BLK
041 ## - Код за език
Код за езика КДБФ Други
072 #7 - Код за тематичната категория
Код организация bullib
Код за тематична категория К
Текст Краезнание
080 ## - УДК
Текстов определител УДК Литература на отделни езици и езикови семейства
УДК код - определител по УДК 821
УДК определител -1
УДК - код + определител 821-1
139 ## - Редно поле
Редна дума Bortom berg, bortom slatter, bortom hav
Авторски знак Bor - B 78
245 10 - Сведения за заглавието
Заглавие Bortom berg, bortom slatter, bortom hav
260 ## - Област на издателските данни
Име на издателя, разпространителя и проч. Podium
Година на издаване 1999
300 ## - Физическа характеристика
Страници 128 c
Размери/Мащаб 20 cm
380 ## - Жанр
Жанр Худож. лит.
659 ## - Тематичен бюлетин
Тематичен бюлетин К
852 ## - Местоположение
Форматна сигнатура Цб 201927
852 ## - Местоположение
Форматна сигнатура К 821/B 78
856 4# - Електронен адрес и достъп
Електронен формат pdf - файл
856 4# - Електронен адрес и достъп
Електронен формат pdf - файл
999 ## - СИСТЕМНИ КОНТРОЛНИ НОМЕРА
Koha biblionumber 41558
Koha biblioitemnumber 41558
942 ## - АРТИКУЛИ
Вид на библиотечния материал Книги
Скрит в OPAC Не
Периодичен библиозапис Да
944 ## - СЪЗДАВАНЕ И РЕДАКЦИЯ на ЗАПИСА
Създаване/Редакция Създаване
Дата на регистрацията/редакция 01.01.1999
Служител, извършил регистрацията/редакцията AB_DOS
944 ## - СЪЗДАВАНЕ И РЕДАКЦИЯ на ЗАПИСА
Създаване/Редакция Редакция
Дата на регистрацията/редакция 29.05.2015
Служител, извършил регистрацията/редакцията Валя_Йорданова
999 ## - СИСТЕМНИ КОНТРОЛНИ НОМЕРА
Koha biblioitemnumber 41558
Наличности
Код за отписване Код за изгубен артикул Източник на класификационната схема Код за повреда Коз за рестрикции Код за отдаване Артикулен № Име на библиотеката - собственик Име на библиотеката, в която се намира в момента Статус (Текущо местоположение) Дата на вписване в системата Местоположение - отдел Цена в лева Инвентарен номер Систематично азбучна сигнатура Баркод Номер на екземпляра Цена в евро Служебна бележка Служебен тип на артикула
  Не е изгубен Universal Decimal Classification Не е повреден без рестрикции ползва се в читалня 65176 Регионална библиотека "Любен Каравелов" Русе Регионална библиотека "Любен Каравелов" Русе Краезнание 2001-01-01 Краезнание 0.00 650411 К 821/B 78 120000650411 1 0.00 Дата: 01.01.2001 Дата инв: 08.11.2017 Бележки инв: К2017 Книги
Vip Innovations Ltd, Rousse, Bulgaria 2025